Cracks: valuable lessons - read the warning signs to stay one step ahead (Record no. 73649)

MARC details
000 -LEADER
fixed length control field 00996cam a2200217 4500
001 - CONTROL NUMBER
control field ABS67138
008 - FIXED-LENGTH DATA ELEMENTS--GENERAL INFORMATION
fixed length control field 031027n2003 000 0 eng u
035 ## - SYSTEM CONTROL NUMBER
System control number (Sirsi) u124049
100 ## - MAIN ENTRY--PERSONAL NAME
Personal name Johnson, R.
245 ## - TITLE STATEMENT
Title Cracks: valuable lessons - read the warning signs to stay one step ahead
260 ## - PUBLICATION, DISTRIBUTION, ETC.
Date of publication, distribution, etc. 2003
490 ## - SERIES STATEMENT
Series statement Church Building
Volume/sequential designation (83) September/October 2003, 70-71(2)
520 ## - SUMMARY, ETC.
Summary, etc. Gives a short guide on how to decide if cracks in a church or ecclesiastical building are serious. Suggests an initial inspection, the initialisation of a crack survey, the monitoring of cracks, the analysis of the cause and then a decision on whether further action is necessary. Gives a small table which can be used to monitor the cracking.
590 ## - LOCAL NOTE (RLIN)
Local note ABS
650 ## - SUBJECT ADDED ENTRY--TOPICAL TERM
Topical term or geographic name entry element CHURCH BUILDINGS
650 ## - SUBJECT ADDED ENTRY--TOPICAL TERM
Topical term or geographic name entry element ECCLESIASTICAL BUILDINGS
650 ## - SUBJECT ADDED ENTRY--TOPICAL TERM
Topical term or geographic name entry element CRACKING
650 ## - SUBJECT ADDED ENTRY--TOPICAL TERM
Topical term or geographic name entry element CRACK MONITORING
690 ## - LOCAL SUBJECT ADDED ENTRY--TOPICAL TERM (OCLC, RLIN)
Topical term or geographic name as entry element BUILT ENVIRONMENT-BUILDING MAINTENANCE AND REFURBISHMENT-BUILDING CONSERVATION
942 ## - ADDED ENTRY ELEMENTS (KOHA)
Suppress in OPAC 0
Holdings
Withdrawn status Lost status Source of classification or shelving scheme Damaged status Not for loan Home library Current library Shelving location Date acquired Total Checkouts Full call number Barcode Date last seen Copy number Price effective from Koha item type
    Dewey Decimal Classification     London London Journal article 27/10/2003   ABS67138 124049-1001 06/08/2019 1 06/08/2019 Journal article